Los gemelos (Record no. 124667)

MARC details
000 -LEADER
campo de control de longitud fija 00903nam a2200253 i 4500
001 - NÚMERO DE CONTROL
campo de control 124667
003 - IDENTIFICADOR DE NÚMERO DE CONTROL
campo de control ES-MaACL
005 - FECHA Y HORA DE LA ÚLTIMA TRANSACCIÓN
campo de control 20240426162945.0
007 - CAMPO FIJO DE DESCRIPCIÓN FÍSICA--INFORMACIÓN GENERAL
campo de control de longitud fija t|
008 - DATOS DE LONGITUD FIJA--INFORMACIÓN GENERAL
campo de control de longitud fija 070417s1918 sp ||||1| spa d
080 ## - NÚMERO DE LA CLASIFICACIÓN DECIMAL UNIVERSAL
Número de la Clasificación Decimal Universal 821.134.2-23"18"
100 1# - ENTRADA PRINCIPAL--NOMBRE DE PERSONA
Nombre de persona Plauto, Tito Maccio.
9 (RLIN) 92613
245 14 - MENCIÓN DEL TÍTULO
Título Los gemelos
Resto del título : comedia de Plauto /
Mención de responsabilidad, etc. arreglada en tres actos y un prólogo por Tristán Bernard ; adaptación castellana de Antonio Palomero.
260 ## - PUBLICACIÓN, DISTRIBUCIÓN, ETC.
Lugar de publicación, distribución, etc. [Madrid :
Nombre del editor, distribuidor, etc. La Novela Teatral,
Fecha de publicación, distribución, etc. 1918]
300 ## - DESCRIPCIÓN FÍSICA
Extensión 12 h. ;
Dimensiones 20 cm.
490 1# - MENCIÓN DE SERIE
Mención de serie La novela teatral ;
Designación de volumen o secuencia 57
500 ## - NOTA GENERAL
Nota general En la cub. caricatura de Bonifacio Pinedo por Tovar.
700 1# - ENTRADA AGREGADA--NOMBRE PERSONAL
Nombre de persona Bernard, Tristan.
9 (RLIN) 28259
700 1# - ENTRADA AGREGADA--NOMBRE PERSONAL
Nombre de persona Palomero Dechado, Antonio,
Fechas asociadas al nombre 1869-1914
9 (RLIN) 88694
700 0# - ENTRADA AGREGADA--NOMBRE PERSONAL
Nombre de persona Tovar
Títulos y otros términos asociados al nombre , ilustrador.
9 (RLIN) 157378
830 0# - PUNTO DE ACCESO ADICIONAL DE SERIE-TÍTULO UNIFORME
Título uniforme La novela teatral ;
Designación de volumen o secuencia 57
9 (RLIN) 122427
852 ## - LOCALIZACIÓN
Ubicación ES-MaACL
Número de control de estantería 2214-F-37
Sublocalización o colección R.138707
Holdings
Estatus retirado Estado de pérdida Estado de daño No para préstamo Colección Biblioteca de origen Biblioteca actual Ubicación en estantería Fecha de adquisición Fuente de adquisición Total de préstamos Signatura topográfica completa Código de barras Visto por última vez Precio de reemplazo Tipo de ítem Koha
        Colección de folletos Biblioteca del Ateneo de Madrid Biblioteca del Ateneo de Madrid Depósito folletos 17/01/2008     2214-F-37 1129897 23/02/2023 23/02/2023 Folleto